[Event "ch-AUS 2018"]
[Site "Cammeray AUS"]
[Date "2018.01.11"]
[Round "10.1"]
[White "Illingworth,M"]
[Black "Lane,G"]
[Result "1-0"]
[WhiteElo "2494"]
[BlackElo "2401"]

1.d4 d5 2.c4 dxc4 3.e4 Nc6 4.Nf3 Bg4 5.d5 Ne5 6.Bf4 Ng6 7.Be3 Nf6 8.Bxc4 Nxe4
9.h3 Bd7 10.O-O Nd6 11.Bb3 e5 12.dxe6 Bxe6 13.Bxe6 fxe6 14.Qb3 Qd7 15.Nc3 Be7
16.Nd4 O-O 17.Qxe6+ Qxe6 18.Nxe6 Rfc8 19.Nd5 Ne8 20.Rad1 Kf7 21.Nxe7 Kxe7
22.Ng5 h6 23.Bc5+ Kf6 24.Ne4+ Kf7 25.Rd7+ Ke6 26.Rfd1 b6 27.Bb4 a5 28.Bc3 Nf8
29.R7d3 Kf7 30.f4 Nf6 31.Bxf6 gxf6 32.Rc3 Ke7 33.Rc6 Nd7 34.f5 Nc5 35.Nxc5 bxc5
36.Re6+ Kf7 37.Rd7+ Kg8 38.Rxf6 Rab8 39.Rg6+ Kf8 40.Rxh6 Ke8 41.Rg7  1-0

[Event "80th Tata Steel TOP"]
[Site "Wijk aan Zee NED"]
[Date "2018.01.23"]
[Round "5"]
[White "Van der Werf,M"]
[Black "Bekker,Stefan"]
[Result "1/2-1/2"]
[WhiteElo "2413"]
[BlackElo "2273"]

1.d4 d5 2.c4 dxc4 3.e4 b5 4.a4 c6 5.axb5 cxb5 6.Nc3 a6 7.Nxb5 axb5 8.Rxa8 Bb7
9.Ra1 e6 10.Ne2 Bxe4 11.Nc3 Bb4 12.Be2 Nf6 13.O-O Bxc3 14.bxc3 Nd5 15.Qe1 O-O
16.g3 Bf5 17.Ba3 Re8 18.Qd2 Nc6 19.Bc5 h6 20.Ra6 Na5 21.Bd1 Nb3 22.Qb2 Qc8
23.Ra3 Nxc5 24.dxc5 Qxc5 25.Ra5 Rb8 26.Bc2 Nf6 27.Bxf5 Qxf5 28.Re1 g5 29.Qd2 Kg7
30.Qd6 Rb7 31.Qc6 Qd5 32.Qc8 Re7 33.Qb8 Rb7 34.Qc8 Qd2 35.Rea1 Re7 36.Qc5 Rd7
37.Qxb5 Qxc3 38.Ra8 Rd2 39.Qc5 Qd4 40.Qxd4 Rxd4 41.Rc1 Ne4 42.f3 Nd6 43.Rc2 h5
44.Kf2 e5 45.Ra6 g4 46.Re2 f6 47.Rc6 Kg6 48.Kg2 Kf5 49.h3 Rd3 50.fxg4+ hxg4
51.Rf2+ Ke6 52.hxg4 Kd7 53.Rc5 Ne4 54.Rxc4 Nxf2 55.Kxf2 Rd4 56.Rc5 Rxg4 57.Ra5 Ke6
58.Ra3 Rd4 59.Kg2 Kf5 60.Rf3+ Kg5 61.Kh3 e4 62.Rf4 f5 63.Kg2 Rd6 64.Kf2 Rh6
65.Kg2 Rg6 66.Rf2 Kf6 67.Re2 Ke5 68.Kf2 Rh6 69.Kg2 Rc6 70.Ra2 Kd4 71.Rd2+ Ke3
72.Rd5 Rc2+ 73.Kg1 Rf2 74.Ra5 Rf3 75.Kg2 Kd4 76.Rb5 Kc4 77.Ra5 Kb4 78.Re5 Kc3
79.Rd5 Kc4 80.Ra5 Kd4 81.Rb5 Rc3 82.Rxf5 e3 83.Kf1 Kd3 84.Rd5+ Ke4 85.Rd8 Kf3
86.Rf8+ Kxg3  1/2-1/2

[Event "14th Moscow Open A 2018"]
[Site "Moscow RUS"]
[Date "2018.01.28"]
[Round "2.89"]
[White "Gurvich,Vitaly"]
[Black "Kirillov,Dmitry"]
[Result "1-0"]
[WhiteElo "2259"]
[BlackElo "2086"]

1.d4 d5 2.c4 dxc4 3.e4 Nc6 4.Be3 Nf6 5.Nc3 e5 6.d5 Na5 7.Qa4+ Bd7 8.Qxa5 a6
9.d6 Bxd6 10.Bg5 b6 11.Bxf6 gxf6 12.Qd5 b5 13.a4 Rb8 14.axb5 axb5 15.Nf3 Be6
16.Qd2 Bb4 17.Qe3 Qe7 18.Be2 Bc5 19.Qh6 Rg8 20.O-O Rg6 21.Qh5 Qf8 22.Nxb5 Kd7
23.Rfd1+ Kc8 24.Nfd4 exd4 25.Nxd4 Bd7 26.Qd5 Qd6 27.Qxc4 Qb6 28.Qa6+ Qb7
29.Qxb7+ Kxb7 30.Ba6+ Kb6 31.Rd3 Bb4 32.Nc2 Bb5 33.Nxb4 Bxd3 34.Bxd3 Rg5
35.Nd5+ Kc5 36.b4+ Kd4 37.Rd1 c6 38.Bb1+ Kc4 39.Ba2+ Kb5 40.Nc3+ Kb6 41.Bxf7 Kc7
42.Rb1 Rg7 43.Be6 Re7 44.Bf5 Kd6 45.Rd1+ Kc7 46.b5  1-0

[Event "23rd HIT Open 2018"]
[Site "Nova Gorica SLO"]
[Date "2018.01.28"]
[Round "5.8"]
[White "Greenfeld,A"]
[Black "Vorobiov,E"]
[Result "1/2-1/2"]
[WhiteElo "2521"]
[BlackElo "2547"]

1.d4 d5 2.c4 dxc4 3.e4 Nc6 4.Nf3 Bg4 5.d5 Ne5 6.Bf4 Ng6 7.Be3 e5 8.Bxc4 a6
9.O-O Nf6 10.Nbd2 Bd6 11.Bd3 Nh5  1/2-1/2

[Event "14th Moscow Open A 2018"]
[Site "Moscow RUS"]
[Date "2018.02.02"]
[Round "7.46"]
[White "Korennoi,V"]
[Black "Oganian,M"]
[Result "1-0"]
[WhiteElo "2269"]
[BlackElo "2430"]

1.d4 d5 2.c4 dxc4 3.e4 b5 4.b3 Bb7 5.bxc4 bxc4 6.Nc3 Nf6 7.Bxc4 e6 8.Rb1 Nxe4
9.Rxb7 Nxc3 10.Qb3 Nd5 11.Bxd5 exd5 12.Bf4 Bd6 13.Bxd6 cxd6 14.Qe3+ Kf8 15.Ne2 Nc6
16.O-O Na5 17.Rb5 Nc4 18.Qd3 g6 19.Nf4 Kg7 20.Nxd5 Nb6 21.Qb3 Nxd5 22.Qxd5 Qf6
23.Rb7 Rhe8 24.g3 h5 25.h4 Rac8 26.Rxa7 Rc2 27.Ra3 Rd2 28.Rf3 Rxd4 29.Rxf6 Rxd5
30.Rf4 Re2 31.Ra1 Rdd2 32.a4 Ra2 33.Rd1 Red2 34.Rxd2 Rxd2 35.Kg2 Ra2 36.Kf3 Kf8
37.Ke3 d5 38.Kd3 d4 39.Rxd4 Rxf2 40.Kc4 Kg7 41.a5 g5 42.hxg5 Kg6 43.a6 Kxg5
44.Kb5 Re2 45.a7 Re8 46.Rc4 f5 47.Kb6 Re6+ 48.Kb7 Re7+ 49.Kb8 Re8+ 50.Rc8  1-0

[Event "Elite Hotels Vaxjo Open"]
[Site "Vaxjo SWE"]
[Date "2018.02.10"]
[Round "5.17"]
[White "Bohman Karlholm,Adrian"]
[Black "Henriksson,Jo"]
[Result "0-1"]
[WhiteElo "2008"]
[BlackElo "2288"]

1.d4 d5 2.c4 dxc4 3.e4 e5 4.Nf3 exd4 5.Bxc4 Nc6 6.O-O Be6 7.Bxe6 fxe6 8.Qb3 Qd7
9.e5 O-O-O 10.Rd1 Nge7 11.Nc3 Nd5 12.Nxd4 Nxd4 13.Rxd4 Bc5 14.Rd2 Rhf8 15.Nxd5 exd5
16.Rc2 Qf5 17.Qh3 Qxh3 18.gxh3 Bd4 19.Bg5 Rde8 20.Rd1 Rxe5 21.Bh4 Bb6 22.Kf1 c6
23.Bg3 Ref5 24.b4 a6 25.a4 Bc7 26.b5 axb5 27.axb5 Bxg3 28.hxg3 Kc7 29.Kg2 Rd8
30.h4 d4 31.bxc6 bxc6 32.f4 Rb5 33.Re2 Rd7 34.g4 c5 35.Re5 Rb2+ 36.Kf3 Rb3+
37.Ke4 Re3+ 38.Kf5 Rf7+ 39.Kg5 Rxe5+ 40.fxe5 Kd7 41.Rc1 Ke6 42.Rxc5 d3 43.Rc3 d2
44.Rd3 Rd7  0-1

[Event "Graz Open A 2018"]
[Site "Graz AUT"]
[Date "2018.02.18"]
[Round "2.34"]
[White "Dimitriadis,M"]
[Black "Yildiz,B"]
[Result "0-1"]
[WhiteElo "2048"]
[BlackElo "2298"]

1.d4 d5 2.c4 dxc4 3.e4 Nf6 4.e5 Nd5 5.Bxc4 Nb6 6.Bd3 Nc6 7.Ne2 Bg4 8.Be3 Qd7
9.Nbc3 O-O-O 10.f3 Bf5 11.Bxf5 Qxf5 12.Qb1 Qxb1+ 13.Rxb1 Nc4 14.Bg1 Nb4 15.Ne4 Nd3+
16.Kf1 Ndxb2 17.g3 f5 18.exf6 exf6 19.Kg2 Bb4 20.Bf2 Rhe8 21.Rhc1 a5 22.Rc2 f5
23.Ng5 Nd3 24.Nf7 Na3 25.Rbb2 Nxc2 26.Rxc2 Rd7 27.Ng5 h6 28.Nh3 g5 29.Kf1 Nxf2
30.Nxf2 b6 31.Ng1 Kb7  0-1

[Event "ch-TUN 2018"]
[Site "Hammamet TUN"]
[Date "2018.02.21"]
[Round "10.2"]
[White "Azaiez,Fahmi"]
[Black "Taeib,S"]
[Result "0-1"]
[WhiteElo "2113"]
[BlackElo "2111"]

1.d4 d5 2.c4 dxc4 3.e4 e5 4.Nf3 exd4 5.Bxc4 Bb4+ 6.Nbd2 Nc6 7.a3 Bxd2+ 8.Qxd2 Qe7
9.Qf4 Bd7 10.O-O O-O-O 11.Bd2 Nf6 12.e5 Nh5 13.Qxf7 Qxf7 14.Bxf7 g6 15.Bg5 Rdf8
16.e6 Be8 17.g4 Bxf7 18.exf7 Rxf7  0-1

[Event "Aeroflot Open B 2018"]
[Site "Moscow RUS"]
[Date "2018.02.26"]
[Round "7.5"]
[White "Kotanjian,T"]
[Black "Savitskiy,S"]
[Result "1-0"]
[WhiteElo "2466"]
[BlackElo "2415"]

1.d4 d5 2.c4 dxc4 3.e4 Nf6 4.e5 Nd5 5.Bxc4 Nb6 6.Bb3 Nc6 7.Be3 Bf5 8.Ne2 e6
9.O-O Qd7 10.Nbc3 O-O-O 11.Qc1 Kb8 12.Rd1 Nb4 13.Ng3 Bg6 14.Nge4 N4d5 15.Bg5 Re8
16.Nc5 Qc8 17.a4 f6 18.a5 Nxc3 19.Qxc3 Nd5 20.Bxd5 exd5 21.Bf4 Qg4 22.Bg3 fxe5
23.h3 Qf5 24.Bxe5 Qc2 25.Qg3 Bxc5 26.Bxc7+ Ka8 27.dxc5 Qxc5 28.a6 b6 29.Be5 Rc8
30.Bd4 Qb5 31.Qe5 Qd7 32.Rac1 Bc2 33.Rd2 Bb3 34.Rxc8+ Rxc8 35.Qxg7 Qxg7 36.Bxg7 Bc4
37.f4 Rg8 38.Be5 Bxa6 39.g4 h5 40.g5 Bc8 41.Rxd5 Bxh3 42.Kh2 Bg4 43.Kg3 Kb7
44.Kh4 Kc8 45.Bf6 Kc7 46.f5 Kc6 47.Re5 Kd6 48.Kg3 Bd1 49.g6 a5 50.Kf4 Bb3
51.Be7+ Kd7 52.Kg5 Bc2 53.Bf6 Re8 54.Rxe8 Kxe8 55.Be5 Kf8 56.f6 Bb3 57.Bc7  1-0

[Event "TCh-ISL Div 1 2017-18"]
[Site "Reykjavik ISL"]
[Date "2018.03.02"]
[Round "7.3"]
[White "Einarsson,H"]
[Black "Kjartansson,Dav"]
[Result "0-1"]
[WhiteElo "2255"]
[BlackElo "2409"]

1.d4 d5 2.c4 dxc4 3.e4 Nf6 4.Nc3 e5 5.Nf3 exd4 6.Nxd4 Bc5 7.Be3 Ng4 8.Qa4+ Qd7
9.Qxc4 Nxe3 10.fxe3 Bxd4 11.exd4 O-O 12.Be2 c6 13.Rd1 Qe7 14.d5 Qg5 15.O-O Nd7
16.Qd4 Qe5 17.Qd2 Qe7 18.Kh1 Ne5 19.Qf4 f6 20.d6 Qf7 21.b3 Be6 22.Rd2 Rad8
23.Rfd1 Rd7 24.Na4 b6 25.Nb2 Rfd8 26.Nd3 Ng6 27.Qg3 Rxd6 28.Ne5 Rxd2 29.Rxd2 Qe8
30.Rxd8 Qxd8 31.Nxc6 Qd2 32.Qb8+ Nf8 33.Bf1 Qc1 34.Ne7+ Kf7 35.Kg1 Qc5+ 36.Kh1 Qxe7
37.Bb5 g5 38.e5 f5 39.h3 Kg7 40.Kh2 Ng6 41.g3 h5  0-1

[Event "ch-TUR w 2018"]
[Site "Belek TUR"]
[Date "2018.03.07"]
[Round "5.26"]
[White "Konal,Emine Nursel"]
[Black "Yildiz,Isilay"]
[Result "1/2-1/2"]
[WhiteElo "1359"]
[BlackElo "1436"]

1.d4 d5 2.c4 dxc4 3.e4 Nc6 4.Be3 Nf6 5.Nc3 e6 6.Bxc4 Be7 7.h3 a6 8.a4 O-O
9.a5 Bb4 10.f3 Bxa5 11.Ne2 b5 12.Bb3 Bb7 13.Bg5 h6 14.Bh4 Bxc3+ 15.bxc3 e5
16.O-O a5 17.f4 Qe8 18.fxe5 Nxe4 19.Qd3 Nd8 20.Bc2 g5 21.Bg3 Qe6 22.Bh2 Qc4
23.Qxc4 bxc4 24.Ra4 Ne6 25.Rfa1 c5 26.Rxa5 Rxa5 27.Rxa5 cxd4 28.cxd4 Rd8
29.Ra7 Bd5 30.Ra5 Nd2 31.Bg3 Nb3 32.Bxb3 cxb3 33.Nc3 Bc4 34.d5 Nd4 35.Ra4 Ne2+
36.Nxe2 Bxe2 37.Rb4 Bd1 38.d6 Kf8 39.h4 Ke8 40.hxg5 hxg5 41.Kf1 Kd7 42.Bf2 Ke6
43.Bd4 f6 44.exf6 Rxd6 45.Bc5 Rc6 46.Bd4 Bc2 47.Bb2 Rd6 48.Rb7 Rd7 49.Rxd7 Kxd7
50.g3 Bg6 51.Ke2 Ke6 52.Kf3 Kf5 53.g4+ Ke6 54.Ke3 Kd5 55.Kf3 Kc4 56.Ke3 Kd5
57.Kf3 Ke6 58.Ke3 Bc2 59.Kf3 Bd1+ 60.Kg3 Kf7 61.Kh3 Kg6 62.Kg3 Be2 63.Kh3 Kf7
64.Kg3 Ke6 65.Kh3 Bc4 66.Kg3 Kd6 67.Kf3 Bd5+ 68.Kg3 Kc5 69.Kf2 Kc4 70.Ke3 Kc5
71.Kf2 Be6 72.Kf3  1/2-1/2

[Event "82nd ch-BUL 2018"]
[Site "Kozloduy BUL"]
[Date "2018.03.08"]
[Round "6.2"]
[White "Marholev,D"]
[Black "Rusev,K"]
[Result "0-1"]
[WhiteElo "2145"]
[BlackElo "2538"]

1.d4 d5 2.c4 dxc4 3.e4 b5 4.a4 c6 5.axb5 cxb5 6.Nc3 a6 7.Nxb5 axb5 8.Rxa8 Bb7
9.Ra1 e6 10.f3 f5 11.exf5 Nc6 12.fxe6 Nge7 13.Bg5 Qd5 14.Bxe7 Bxe7 15.Ne2 Qxe6
16.Kf2 Bg5 17.f4 O-O 18.Ra3 Bxf4 19.Nxf4 Rxf4+ 20.Rf3 Rxd4 21.Qe1 Ne5  0-1

[Event "FSIM March 2018"]
[Site "Budapest HUN"]
[Date "2018.03.09"]
[Round "5.2"]
[White "Lyell,M"]
[Black "Pajeken,Jakob Leon"]
[Result "1-0"]
[WhiteElo "2296"]
[BlackElo "2162"]

1.d4 d5 2.c4 dxc4 3.e4 Nc6 4.Nf3 Bg4 5.d5 Ne5 6.Bf4 Ng6 7.Be3 e5 8.Bxc4 Nf6
9.Nc3 Nh4 10.Bg5 Nxg2+ 11.Kf1 Bh3 12.Qa4+ c6 13.dxc6 Nf4+ 14.Ke1 Ng2+ 15.Ke2 b5
16.Qxb5 Bd6 17.c7+ Qd7 18.Rhd1 a6 19.Qxd7+ Kxd7 20.Nxe5+ Kxc7 21.Nxf7 Bf4
22.Bxf6  1-0

[Event "TCh-BEL 2017-18"]
[Site "Belgium BEL"]
[Date "2018.03.11"]
[Round "8.2"]
[White "Vrolijk,Liam"]
[Black "Haast,A"]
[Result "1/2-1/2"]
[WhiteElo "2418"]
[BlackElo "2296"]

1.d4 d5 2.c4 dxc4 3.e4 Nc6 4.Nf3 Bg4 5.d5 Ne5 6.Bf4 Ng6 7.Be3 e5 8.Bxc4 Nf6
9.Bb5+ Bd7 10.Bxd7+ Qxd7 11.Qc2 Be7 12.Nc3 O-O 13.h3 c6 14.dxc6 Qxc6 15.a3 a5
16.O-O b5 17.Rac1 Rac8 18.Qd3 b4 19.axb4 Bxb4 20.Nd5 Qd6 21.Nxf6+ Qxf6 22.Rxc8 Rxc8
23.Rd1 Nf4 24.Qd7 Rf8 25.Bxf4 Qxf4 26.Qd5 Re8 27.Qc6 Kf8 28.Rd3 Be7 29.Nd2 g6
30.Qc7 a4 31.Qc6 Rb8 32.Qc3 Rb4 33.g3 Qf6 34.Rd5 Rd4 35.Kg2 Bb4 36.Qc8+ Kg7
37.Rxd4 exd4 38.Nf3 d3 39.e5 Qe6 40.Qd8 d2 41.Qd4 h6 42.Nxd2 Bxd2 43.Qxd2  1/2-1/2

[Event "FSIM March 2018"]
[Site "Budapest HUN"]
[Date "2018.03.13"]
[Round "9.4"]
[White "Yelisieiev,Yevhenii"]
[Black "Pajeken,Jakob Leon"]
[Result "1-0"]
[WhiteElo "2375"]
[BlackElo "2162"]

1.d4 d5 2.c4 dxc4 3.e4 b5 4.a4 c6 5.b3 e5 6.dxe5 Qxd1+ 7.Kxd1 bxa4 8.bxa4 Nd7
9.Nf3 Ba6 10.Nbd2 Nc5 11.Bxc4 Bxc4 12.Nxc4 Rd8+ 13.Kc2 Nxe4 14.Be3 c5 15.Rhd1 f5
16.Rxd8+ Kxd8 17.Rd1+ Ke8 18.Rb1 Ne7 19.Rb8+ Kd7 20.Rb7+ Kc6 21.Rxa7 Kd5
22.Nb6+ Kc6 23.Nc4 Kd5 24.Kb3 Nc6 25.Rc7 Nb4 26.Rc8 g6 27.Rd8+ Ke6 28.a5 Na6
29.Ng5+ Nxg5 30.Bxg5 h5 31.Bf6 Rg8 32.f4 Nb4 33.Ka4 Kf7 34.Kb5 Bh6 35.Nd6+  1-0

[Event "ch-IRI 2018"]
[Site "Bushehr IRI"]
[Date "2018.03.17"]
[Round "10.4"]
[White "Javanbakht,N"]
[Black "Mosadeghpour,Masoud"]
[Result "0-1"]
[WhiteElo "2436"]
[BlackElo "2535"]

1.d4 d5 2.c4 dxc4 3.e4 Nf6 4.e5 Nd5 5.Bxc4 Nb6 6.Bd3 Nc6 7.Ne2 Bg4 8.f3 Bh5
9.Nbc3 e6 10.Be4 Bg6 11.O-O Bxe4 12.fxe4 Be7 13.Bf4 O-O 14.d5 Bc5+ 15.Kh1 Ne7
16.Rc1 Ng6 17.Nb5 Nxf4 18.Rxc5 Nxe2 19.Nxc7 Nd7 20.Rc2 Rc8 21.d6 Ng3+ 22.hxg3 Qg5
23.Qf3 Nxe5 24.Qf4 Qh5+ 25.Qh4 Qxh4+ 26.gxh4 Rfd8 27.Rd1 Rd7 28.Rc5 b6 29.Rxe5 Rcxc7
30.Rb5 Rc4 31.a4 Rxe4 32.a5 Rxh4+ 33.Kg1 f6 34.axb6 axb6 35.Rxb6 Kf7 36.b4 e5
37.b5 Rd4 38.Rxd4 exd4 39.Kf2 Ke6 40.Ra6 Rb7 41.Ke2 Rxb5 42.d7+ Ke7 43.Ra8 Rd5
44.Rg8 g5 45.Rg7+ Ke6 46.Rxh7 Rxd7 47.Rh1 d3+ 48.Kd2 Rd4 49.Rf1 Rg4 50.Rf2 Rg3
51.Kc3 Ke5 52.Kd2 f5 53.Kc3 f4 54.Kd2 Kd4 55.Ke1 f3  0-1

[Event "19th ch-EUR Indiv 2018"]
[Site "Batumi GEO"]
[Date "2018.03.22"]
[Round "6.11"]
[White "Jakovenko,D"]
[Black "Alekseenko,K"]
[Result "1-0"]
[WhiteElo "2746"]
[BlackElo "2609"]

1.d4 d5 2.c4 dxc4 3.e4 Nf6 4.e5 Nd5 5.Bxc4 Nb6 6.Bd3 Nc6 7.Ne2 Bg4 8.Be3 Qd7
9.Nbc3 e6 10.Be4 O-O-O 11.O-O Kb8 12.Qb3 Be7 13.f3 Bf5 14.Rfd1 Bxe4 15.fxe4 Na5
16.Qc2 Nac4 17.Bf2 Bg5 18.a4 f6 19.exf6 gxf6 20.Rd3 f5 21.a5 Nc8 22.Na4 fxe4
23.Rb3 Qd5 24.Nc5 N8d6 25.Nc3 Qf5 26.Qe2 Ka8 27.N3xe4 Nxe4 28.Nxe4 Rhg8 29.a6 b6
30.Rg3 Bf4 31.Rxg8 Rxg8 32.Nf6 Rc8 33.Qxc4 c6 34.Nd7 Bxh2+ 35.Kxh2 Qxf2 36.Qxe6  1-0

[Event "24th Schloss Open 2018"]
[Site "Werther GER"]
[Date "2018.03.22"]
[Round "1.12"]
[White "Riesner,Daniel"]
[Black "Linde,W"]
[Result "0-1"]
[WhiteElo "1976"]
[BlackElo "2158"]

1.d4 d5 2.c4 dxc4 3.e4 e5 4.Nf3 Bb4+ 5.Bd2 Bxd2+ 6.Nbxd2 exd4 7.Bxc4 Nc6
8.O-O Qf6 9.Qb3 Nge7 10.Rfe1 O-O 11.e5 Qg6 12.e6 Kh8 13.Ne5 Nxe5 14.Rxe5 Bxe6
15.Qxb7 Qf6 16.Rae1 Ng6 17.Rc5 Rae8 18.Qc6 Re7 19.Bxe6 fxe6 20.Ne4 Qf4 21.Qa4 Rd8
22.Qc2 d3 23.Qd2 h6 24.Rc3 Rd4 25.f3 Rxe4  0-1

[Event "TCh-SUI 2018"]
[Site "Switzerland SUI"]
[Date "2018.03.25"]
[Round "1.8"]
[White "Arcuti,Davide"]
[Black "Haag,Gr"]
[Result "1-0"]
[WhiteElo "2333"]
[BlackElo "2293"]

1.d4 d5 2.c4 dxc4 3.e4 b5 4.a4 c6 5.axb5 cxb5 6.Nc3 Bd7 7.Bf4 e6 8.d5 Bb4
9.Qd4 f6 10.dxe6 Bxe6 11.Qxd8+ Kxd8 12.O-O-O+ Ke7 13.Nxb5 Na6 14.Nf3 g5 15.Bg3 Nh6
16.Nfd4 Rhc8 17.Nxe6 Kxe6 18.Kb1 Nf7 19.b3 Ke7 20.Bxc4 Ne5 21.Bxe5 fxe5 22.Bd5 Rab8
23.Nxa7 Rc7 24.Nc6+ Rxc6 25.Bxc6 Bc5 26.Bd5 Bd4 27.Kc2 Nb4+ 28.Kd2 Nxd5 29.exd5 Rxb3
30.Rb1 Ra3 31.Rhc1 Kd6 32.Rb5 e4 33.Rc6+ Ke5 34.Re6+ Kf5 35.g4+ Kf4 36.d6 Bxf2
37.Rf5+  1-0

[Event "19th ch-EUR Indiv 2018"]
[Site "Batumi GEO"]
[Date "2018.03.28"]
[Round "11.17"]
[White "Postny,E"]
[Black "Inarkiev,E"]
[Result "0-1"]
[WhiteElo "2579"]
[BlackElo "2684"]

1.d4 d5 2.c4 dxc4 3.e4 e5 4.Nf3 exd4 5.Bxc4 Bb4+ 6.Nbd2 Nc6 7.O-O Nf6 8.e5 Nd5
9.Nb3 Nb6 10.Bb5 Bd7 11.Bxc6 Bxc6 12.Nfxd4 Bd5 13.Qg4 Qd7 14.e6 fxe6 15.Nxe6 Qxe6
16.Qxb4 O-O-O 17.Nc5 Qg6 18.f3 Rhf8 19.Qc3 Rf5 20.b4 Nc4 21.Kh1 Re8 22.Bb2 b6
23.Ne4 Rxe4 24.fxe4 Bxe4 25.Rg1 Rh5 26.Bc1 Qg4 27.a4 Qh4  0-1

[Event "CCCSA Spring GM 2018"]
[Site "Charlotte USA"]
[Date "2018.03.31"]
[Round "7.1"]
[White "Hilby,Craig"]
[Black "Zierk,S"]
[Result "1/2-1/2"]
[WhiteElo "2419"]
[BlackElo "2482"]

1.d4 d5 2.c4 dxc4 3.e4 Nf6 4.e5 Nd5 5.Bxc4 Nc6 6.Nc3 Nb6 7.Bb5 e6 8.Nf3 Bd7
9.a3 Ne7 10.Bd3 Bc6 11.b4 a5 12.Bb2 axb4 13.axb4 Rxa1 14.Bxa1 Ned5 15.b5 Nxc3
16.Bxc3 Bd5 17.Qe2 Na4 18.Qc2 Nxc3 19.Qxc3 Be7 20.Bc4 Bxf3 21.gxf3 Bg5 22.Ke2 O-O
23.Qd3 Qe7 24.h4 Bh6 25.Qe4 Qb4 26.Bd3 Rd8 27.Rd1 g6 28.Qxb7 Qc3 29.Be4 Qc4+
30.Bd3 Qxd4 31.Qxc7 Rd5 32.b6 Bf4 33.Qc4 Qb2+ 34.Bc2 Qxe5+ 35.Qe4 Rb5 36.Rb1 Rxb1
37.Qxe5  1/2-1/2

[Event "College Final Four 2018"]
[Site "New York USA"]
[Date "2018.04.01"]
[Round "3.2"]
[White "Vorontsov,P"]
[Black "Stukopin,A"]
[Result "1/2-1/2"]
[WhiteElo "2562"]
[BlackElo "2579"]

1.d4 d5 2.c4 dxc4 3.e4 e5 4.Nf3 exd4 5.Bxc4 Nc6 6.O-O Be6 7.Bb5 Bc5 8.b4 Bb6
9.a4 a6 10.Bxc6+ bxc6 11.Bb2 Nf6 12.a5 Ba7 13.Nxd4 Bxd4 14.Qxd4 Qxd4  1/2-1/2

[Event "TCh-AUT 2017-18"]
[Site "Austria AUT"]
[Date "2018.04.07"]
[Round "11.4"]
[White "Studer,N"]
[Black "Nisipeanu,LD"]
[Result "0-1"]
[WhiteElo "2471"]
[BlackElo "2673"]

1.d4 d5 2.c4 dxc4 3.e4 Nf6 4.e5 Nd5 5.Bxc4 Bf5 6.Qb3 c6 7.Bxd5 cxd5 8.Qxb7 Qc8
9.Qxc8+ Bxc8 10.Nc3 e6 11.f4 Nc6 12.Nf3 Rb8 13.b3 Ba6 14.Kf2 Be7 15.Be3 Nb4
16.Na4 Nd3+ 17.Kg3 h5 18.Rhd1 h4+ 19.Kh3 f6 20.Nc5 Bxc5 21.dxc5 Rb4 22.Nd4 g5
23.fxg5 fxe5 24.Nc2 Re4 25.g3 d4 26.Bg1 hxg3+ 27.Kxg3 Rh5  0-1

[Event "11th Triandria Open 2018"]
[Site "Thessaloniki GRE"]
[Date "2018.04.09"]
[Round "1.5"]
[White "Inkiov,V"]
[Black "Becking,FJ"]
[Result "1-0"]
[WhiteElo "2452"]
[BlackElo "1855"]

1.d4 d5 2.c4 dxc4 3.e4 e6 4.Bxc4 a6 5.a4 Bb4+ 6.Nc3 b6 7.Ne2 Bb7 8.O-O Nf6
9.e5 Nd5 10.Qb3 c5 11.Bxd5 Bxd5 12.Nxd5 Qxd5 13.Qxd5 exd5 14.Nf4 Nc6 15.Nxd5 O-O
16.Nxb6 Rad8 17.dxc5 Nxe5 18.Be3 Ba5 19.Rfd1 Rfe8 20.h3 Nc6 21.Rac1 Rxd1+
22.Rxd1 Rd8 23.Rd6 Rxd6 24.cxd6 Kf8 25.Bc5 Bxb6 26.Bxb6 Ke8 27.Kf1 Kd7 28.Bc5 Nd8
29.Ke2 Ne6 30.Ba3 a5 31.Ke3 f5 32.g4 g6 33.gxf5 gxf5 34.h4 h5 35.b3 Kc6 36.Bb2 Nc5
37.Bc3 Kxd6 38.Bxa5 Ke6 39.Bb6 Na6 40.Kf4 Kf6 41.Bd4+ Kg6 42.Ke5  1-0

[Event "19th ch-EUR Indiv w 2018"]
[Site "Vysoke Tatry SVK"]
[Date "2018.04.09"]
[Round "2.12"]
[White "Nechaeva,Marina"]
[Black "Babiy,Olga"]
[Result "1-0"]
[WhiteElo "2413"]
[BlackElo "2318"]

1.d4 d5 2.c4 dxc4 3.e4 Nc6 4.Nf3 Nf6 5.Nc3 Bg4 6.d5 Ne5 7.Bf4 Nfd7 8.Be2 Ng6
9.Be3 e6 10.dxe6 Bxe6 11.Ng5 Bc5 12.Nxe6 fxe6 13.Bxc5 Nxc5 14.Bxc4 Qg5 15.g3 O-O
16.O-O Rad8 17.Qc1 Qxc1 18.Raxc1 Ne5 19.Be2 Rd2 20.f4 Nc6 21.Rf2 Nb4 22.Rb1 Rfd8
23.Bf1 Rxf2 24.Kxf2 Rd2+ 25.Be2 Rd4 26.a3 Nc6 27.Ke3 a5 28.Bb5 Rd8 29.Bxc6 bxc6
30.Rc1 Rb8 31.Nd1 Rb5 32.b4 axb4 33.axb4 Nd7 34.Rxc6 Rxb4 35.Rxe6 Nf6 36.Kf3 Rc4
37.g4 h6 38.h4 Kf7 39.f5 g6 40.Ne3 Rc3 41.Kf4 c6 42.e5 g5+ 43.hxg5 hxg5+
44.Kxg5 Nd7 45.Kf4 Nc5 46.Rf6+ Kg7 47.Rg6+ Kf7 48.e6+ Ke7 49.Rg7+ Kf8 50.Ra7 Nd3+
51.Kg5 Nf2 52.f6  1-0

[Event "Kathmandu Open 2018"]
[Site "Kathmandu NEP"]
[Date "2018.04.15"]
[Round "5.5"]
[White "Harsha,B"]
[Black "Fominyh,A"]
[Result "1-0"]
[WhiteElo "2424"]
[BlackElo "2391"]

1.d4 d5 2.c4 dxc4 3.e4 Nf6 4.e5 Nd5 5.Bxc4 Nc6 6.Nf3 Bg4 7.Qb3 Na5 8.Qa4+ Nc6
9.Qb3 Na5 10.Qa4+ Nc6 11.Be2 e6 12.O-O Nb6 13.Qd1 Be7 14.Be3 Nb4 15.Nc3 O-O
16.Ne4 Bf5 17.Ng3 Bg6 18.a3 N4d5 19.Rc1 c6 20.Bd3 Nxe3 21.fxe3 Bxd3 22.Qxd3 c5
23.Ne4 cxd4 24.exd4 Nd5 25.Nfd2 Rc8 26.Rxc8 Qxc8 27.Nc4 Qc6 28.Ncd6 Bxd6
29.Nxd6 f5 30.Qd2 h6 31.Rc1 Qd7 32.Qd3 a6 33.Qb3 Rb8 34.Rc5 Ne7 35.Qc4 b5
36.Qc3 b4 37.Qb3 a5 38.a4 Kh7 39.Qc2 b3 40.Qc4 Rb4 41.Rc7 Rxc4 42.Rxd7 Rc1+
43.Kf2 Nd5 44.Nxf5 Rc2+ 45.Kf3 Kg8 46.Ne7+ Nxe7 47.Rxe7 Rxb2 48.Rxe6 Ra2
49.Rb6 Rxa4 50.Ke4 Ra3 51.e6 a4 52.Rb8+ Kh7 53.e7 Ra1 54.e8=Q Re1+ 55.Kd3 Rxe8
56.Rxe8  1-0

[Event "Budapest Spring Open 2018"]
[Site "Budapest HUN"]
[Date "2018.04.20"]
[Round "3.30"]
[White "Turov,M"]
[Black "Dedebas,Emre Emin"]
[Result "1/2-1/2"]
[WhiteElo "2610"]
[BlackElo "2320"]

1.d4 d5 2.c4 dxc4 3.e4 Nf6 4.e5 Nd5 5.Bxc4 Nb6 6.Bb3 Nc6 7.Ne2 Bf5 8.Nbc3 e6
9.O-O Qd7 10.a3 Be7 11.Be3 Rd8 12.Qc1 O-O 13.Rd1 Qc8 14.Ng3 Bg6 15.Ba2 Rd7
16.b4 Qd8 17.Nge2 a6 18.Bb3 Re8 19.f3 Bf8 20.Ne4 Nd5 21.Bg5 Be7 22.Bxe7 Ndxe7
23.Qb2 Bxe4 24.fxe4 Ng6 25.Qc3 Qg5 26.Ba4 Nf4 27.Nxf4 Qxf4 28.Bxc6 bxc6 29.Qf3 Qg5
30.Rd3 Red8 31.Rad1 h6 32.g3 a5 33.bxa5 c5 34.Qf2 Qg4 35.Qf4 Qxf4 36.gxf4 cxd4
37.Rc1 Ra8 38.Rc5 c6 39.Kf2 Rda7 40.Rxd4 Rxa5 41.Rxa5 Rxa5 42.a4 g5 43.Kg3 Kh7  1/2-1/2

[Event "ch-CRO 2018"]
[Site "Pozega CRO"]
[Date "2018.04.20"]
[Round "4.3"]
[White "Bosiocic,Mari"]
[Black "Stevic,H"]
[Result "0-1"]
[WhiteElo "2605"]
[BlackElo "2587"]

1.d4 d5 2.c4 dxc4 3.e4 Nf6 4.e5 Nd5 5.Bxc4 Nb6 6.Bd3 Nc6 7.Ne2 Bg4 8.Be3 Qd7
9.Nbc3 O-O-O 10.O-O Nxe5 11.Bb5 Nc6 12.f3 Bf5 13.Rc1 a6 14.Bxc6 Qxc6 15.Bf4 Rd7
16.Ne4 Bxe4 17.Rxc6 Bxc6 18.Qd3 Bb5 19.Qd2 e5 20.Bg3 exd4 21.Rc1 d3 22.Nf4 Nc4
23.Qc3 d2 24.Rd1 Bd6 25.a4 Be5 26.Qb4 Bxa4 27.b3 Bxb3 28.Qxb3 Nb2 29.Nd5 Bd4+  0-1

[Event "ch-CHN Women 2018"]
[Site "Xinghua CHN"]
[Date "2018.04.22"]
[Round "5.3"]
[White "Huang Qian"]
[Black "Ning,Kaiyu"]
[Result "1-0"]
[WhiteElo "2440"]
[BlackElo "2176"]

1.d4 d5 2.c4 dxc4 3.e4 Nf6 4.e5 Nd5 5.Bxc4 Nc6 6.Ne2 Nb6 7.Bd3 Bg4 8.f3 Bh5
9.Nbc3 e6 10.Be4 Qd7 11.Be3 Bg6 12.Bf2 Nb4 13.O-O c6 14.Nf4 Be7 15.a3 N4d5
16.Nd3 Nxc3 17.bxc3 Nc4 18.a4 O-O 19.Qe2 b5 20.Nf4 a6 21.h4 Nb6 22.a5 Bxe4
23.fxe4 Nc4 24.Qg4 Kh8 25.Qg3 Rg8 26.Ra2 Qc7 27.Nh3 f6 28.Nf4 fxe5 29.Nxe6 Qd7
30.Qh3 Rge8 31.d5 cxd5 32.exd5 Bf6 33.Qf3 Rac8 34.h5 h6 35.Re2 Qd6 36.Qe4 Nxa5
37.Be3 Rxe6 38.dxe6 Qxe6 39.Qg6 Qc4 40.Ref2  1-0

[Event "12th Agzamov Mem 2018"]
[Site "Tashkent UZB"]
[Date "2018.04.26"]
[Round "4.9"]
[White "Duzhakov,I"]
[Black "Egin,V"]
[Result "1-0"]
[WhiteElo "2421"]
[BlackElo "2340"]

1.d4 d5 2.c4 dxc4 3.e4 Nf6 4.e5 Nd5 5.Bxc4 Nb6 6.Bd3 Nc6 7.Ne2 Bg4 8.f3 Bh5
9.a3 e6 10.Be3 Be7 11.O-O Bg6 12.Be4 O-O 13.Nbc3 Bxe4 14.Nxe4 Nd5 15.Bf2 Qd7
16.Nc1 a5 17.Nd3 b6 18.f4 f5 19.exf6 Bxf6 20.Rc1 Rad8 21.Rc4 Nce7 22.Qc1 Qe8
23.Nxf6+ gxf6 24.Re1 Nf5 25.Qd1 Rf7 26.Qf3 Rd6 27.g4 Rg7 28.Kh1 Nh6 29.h3 Qb5
30.Rc2 c6 31.Bh4 Rf7 32.Nf2 Nc7 33.Ne4 Qd5 34.Qg2 Ne8 35.Nxd6 Nxd6 36.Qxd5  1-0

[Event "ch-VIE 2018"]
[Site "Ho Chi Minh City VIE"]
[Date "2018.04.27"]
[Round "1.13"]
[White "Dang,H"]
[Black "Nguyen,Tien Anh"]
[Result "1-0"]
[WhiteElo "2323"]
[BlackElo "1831"]

1.d4 d5 2.c4 dxc4 3.e4 c5 4.d5 Nf6 5.Nc3 e6 6.Bxc4 exd5 7.Nxd5 Nxd5 8.Bxd5 Be7
9.Nf3 O-O 10.O-O Qb6 11.Qc2 Nc6 12.Bf4 Nb4 13.Qc3 Be6 14.Rfd1 Rfd8 15.Qc4 Bf6
16.Bxe6 Qxe6 17.Qxe6 fxe6 18.e5 Be7 19.Bg5 Kf7 20.a3 Nd3 21.Rd2 h6 22.Bxe7 Kxe7
23.Rad1 Nf4 24.g3 Rxd2 25.Rxd2 Nd5 26.h4 Rc8 27.Kg2 a6 28.h5 c4 29.Nd4 c3
30.Rc2 Rc4 31.bxc3 Rxc3 32.Rxc3 Nxc3 33.f4 b5 34.Kf3 Nb1 35.Nc2 Kd7 36.Ke3 Nc3
37.Kd3 Nd5 38.Kd4 Ne7 39.Kc5 Nd5 40.Nb4 Nc3 41.Nxa6  1-0